| 000 | 00936nam a2200265 i 4500 | ||
|---|---|---|---|
| 001 | bg | ||
| 100 | 1 | _aAPANASEWICZ, Stanisław | |
| 245 | 1 | 0 |
_aMetody obliczeniowe elektrotechniki / _cStanisław Apanasewicz. |
| 260 |
_aRzeszów : _bOficyna Wydawnicza Politechniki Rzeszowskiej, _c2006. |
||
| 300 |
_a189, [2] s. : _bil. ; _c24 cm. |
||
| 504 | _aBibliogr. s. [191]. | ||
| 521 | _aDla studentów II roku Wydziału Elektrotechniki i Informatyki do przedmiotu "metody obliczeniowe elektrotechniki". | ||
| 650 | 9 |
_aAnaliza matematyczna _xstosowanie _xelektrotechnika |
|
| 650 | 9 |
_aElektrotechnika _xmatematyka |
|
| 650 | 9 |
_aRównania różniczkowe _xstosowanie _xelektrotechnika |
|
| 655 | _aPodręczniki akademickie | ||
| 015 | _aPB 15682/2006 | ||
| 020 | _a8371993870 | ||
| 040 | _cBPK | ||
| 041 | 0 | _apol | |
| 080 | _a621.3:517](075.8) | ||
| 920 | _a83-7199-387-0 | ||
| 942 | _cKS | ||
| 008 | s pl f |000 0 pol | ||
| 999 |
_c52557 _d52557 |
||
| 856 |
_uhttp://koha.tu.koszalin.pl/cgi-bin/koha/opac-detail.pl?biblionumber=52557 _yKatalog online BPK |
||